Origen y evolucin̤ de la tutela impuberum Proteccin̤ procesal a travš de la actio rationibus distrahendis y la accusatio suspecti tutoris /

Bibliographic Details
Main Author: Herrero Medina, Miguel
Format: eBook
Language:Spanish
Published: Madrid: Marcial Pons, 2019
Subjects:
Online Access:Acceso restringido

MARC

LEADER 00000nam a22000007a 4500
005 20220307193649.0
007 cr|||| ||||
008 220307s2019 es |||||s|||| 00||0 spa d
020 |a 978-84-1381-182-6 
035 |a 33619 
040 |a vLex 
090 |c 13053  |d 13053 
100 1 |a Herrero Medina, Miguel 
245 1 0 |a Origen y evolucin̤ de la tutela impuberum  |h [Recurso electrn̤ico] :  |b Proteccin̤ procesal a travš de la actio rationibus distrahendis y la accusatio suspecti tutoris /  |c Miguel Herrero Medina 
256 |a Servicio en ln̕ea 
260 |a Madrid:  |b Marcial Pons,  |c 2019 
300 |a 1 recurso electrn̤ico 
500 |a El presente estudio toma como punto de partida el origen de la institucin̤ tutelar en la antigua Roma, analizando las causas que habra̕n motivado su aparicin̤, seąlando las diferencias que existen entre las distintas modalidades tutelares y centrando especialmente la atencin̤ en los dos principales recursos procesales con los que antiguamente se habra̕ podido hacer frente a las actuaciones fraudulentas cometidas por los tutores en perjuicio de los intereses pupilares: la actio rationibus distrahendis y la accusatio suspecti tutoris. A diferencia de otros recursos procesales ms̀ modernos, en las fuentes romanas apenas se ha conservado informacin̤ acerca de la evolucin̤ histr̤ica de estas dos acciones, por lo que todava̕ planean multitud de incertidumbres en relacin̤ con aspectos tan relevantes como su naturaleza, su funcionalidad o su articulacin̤ procesal. Con el fin de arrojar algo de luz sobre las principales cuestiones que todava̕ se plantea la doctrina moderna, se realiza un anl̀isis pormenorizado de los fragmentos que se han conservado acerca de estos dos recursos procesales y, de esta manera, se examina por separado la originaria naturaleza jurd̕ica de estos dos recursos procesales, su posterior evolucin̤ histr̤ica y cm̤o se habra̕ articulado el procedimiento procesal, identificando cul̀es sera̕n los r̤ganos competentes, contra qu ̌tutores podra̕ dirigirse cada una de estas acciones, quiň estara̕ legitimado para ejercitarlas y cul̀es sera̕n las consecuencias jurd̕icas que se derivara̕n en caso de condena. 
506 1 |a Disponible solo en los productos indicados  |d vLex Global  |d vLex Global (Academic Edition, excluding Law Schools)  |d vLex Global (U.S. Academic Edition, Law Schools)  |d vLex Global (U.S. Academic Edition, excluding Law Schools)  |d vLex Global (Academic Edition, Law Schools) 
650 0 4 |a Derecho Procesal  |z Espaą 
740 0 |a vLex Libros (Servicio en ln̕ea) 
856 4 0 |u https://app.vlex.com/#/sources/33619  |z Acceso restringido 
942 |c BOOK 
999 0 |a Procedural law